[Event "SVK-chT2A 1718"]
[Site "Slovakia"]
[Date "2018.01.14"]
[Round "6.5"]
[White "Liptak, Dusan"]
[Black "Nemeckay, Rastislav"]
[Result "1-0"]
[WhiteElo "2155"]
[BlackElo "1946"]
[PlyCount "153"]
[EventDate "2017.10.28"]
[EventType "team-tourn"]
[EventRounds "11"]
[EventCountry "SVK"]
[SourceTitle "EXT 2019"]
[Source "ChessBase"]
[SourceDate "2018.10.10"]
[SourceVersion "1"]
[SourceVersionDate "2018.10.10"]
[SourceQuality "1"]
[WhiteTeam "Trnava Lokomotiva II"]
[BlackTeam "Osuske II"]
[WhiteTeamCountry "SVK"]
[BlackTeamCountry "SVK"]

1. d4 d5 2. c4 c6 3. Nc3 Nf6 4. Nf3 e6 5. e3 Nbd7 6. Bd3 dxc4 7. Bxc4 b5 8. Bd3 a6 9. e4 c5 10. e5 Nd5 11. Nxd5 exd5 12. Ng5 Be7 13. Nxf7 Kxf7 14. Qf3+ Nf6 15. dxc5 Bxc5 16. 0-0 Be6 17. exf6 Qxf6 18. Qh5+ g6 19. Qh6 Rae8 20. Be3 Bf8 21. Qg5 Qxg5 22. Bxg5 Bg7 23. Rac1 Rc8 24. b3 Rxc1 25. Rxc1 Rc8 26. Rxc8 Bxc8 27. Kf1 Bf5 28. Ke2 Ke6 29. a4 Bxd3+ 30. Kxd3 Be5 31. h3 bxa4 32. bxa4 Kd6 33. Be3 Kc6 34. f4 Bf6 35. g4 Kd6 36. Bf2 Ke6 37. Bd4 Be7 38. Be5 Bc5 39. Kc3 Ba7 40. Kb4 Bb6 41. Bb8 Kf6 42. Bd6 Ke6 43. Be5 g5 44. Bb8 gxf4 45. Bxf4 Kd7 46. h4 Ke6 47. h5 Kf6 48. Kc3 Bc5 49. Kd3 Bb6 50. Ke2 Bd4 51. Kf3 Bc3 52. Ke3 Bb2 53. Kd3 Ba1 54. Kc2 Bd4 55. Kd3 Bb6 56. Bd2 Bf2 57. g5+ Kf7 58. Ke2 Bc5 59. Kf3 Bd4 60. Ke2 Bb2 61. Kd3 Be5 62. Be3 Bb2 63. Bd4 Ba3 64. Kd2 Bd6 65. Ke3 Bc7 66. Kf3 Bd6 67. Kg4 Be7 68. Kf5 Bd6 69. g6+ hxg6+ 70. hxg6+ Ke7 71. Bf6+ Ke8 72. Ke6 Bf8 73. Kxd5 Kd7 74. Be5 a5 75. Bc3 Kc7 76. Bxa5+ Kb7 77. Bb4 1-0